BD Chaurasia'S General Anatomy (Record no. 1957)

MARC details
000 -LEADER
fixed length control field 00537nam a22002417a 4500
001 - CONTROL NUMBER
control field 1957
003 - CONTROL NUMBER IDENTIFIER
control field OSt
005 - DATE AND TIME OF LATEST TRANSACTION
control field 20260414102714.0
008 - FIXED-LENGTH DATA ELEMENTS--GENERAL INFORMATION
fixed length control field 260414b |||||||| |||| 00| 0 eng d
020 ## - INTERNATIONAL STANDARD BOOK NUMBER
International Standard Book Number 9789354665691
028 ## - PUBLISHER OR DISTRIBUTOR NUMBER
Source BLA
040 ## - CATALOGING SOURCE
Original cataloging agency BLA
Language of cataloging ENGLISH
Transcribing agency BLA
082 ## - DEWEY DECIMAL CLASSIFICATION NUMBER
Edition information 611
100 ## - MAIN ENTRY--PERSONAL NAME
Personal name Chaurasia, BD
245 ## - TITLE STATEMENT
Title BD Chaurasia'S General Anatomy
250 ## - EDITION STATEMENT
Edition statement 7th ed.
260 ## - PUBLICATION, DISTRIBUTION, ETC.
Place of publication, distribution, etc. Kolkata
Name of publisher, distributor, etc. CBS
Date of publication, distribution, etc. 2023
300 ## - PHYSICAL DESCRIPTION
Dimensions 17cm.
500 ## - GENERAL NOTE
General note Indexing,
600 ## - SUBJECT ADDED ENTRY--PERSONAL NAME
Source of heading or term GARG; Krishna
654 ## - SUBJECT ADDED ENTRY--FACETED TOPICAL TERMS
Source of heading or term Anatomy
942 ## - ADDED ENTRY ELEMENTS (KOHA)
Source of classification or shelving scheme Dewey Decimal Classification
Koha item type Books
Suppress in OPAC No
Holdings
Withdrawn status Lost status Source of classification or shelving scheme Damaged status Not for loan Collection Home library Current library Shelving location Date acquired Total checkouts Full call number Barcode Date last seen Copy number Price effective from Koha item type
    Dewey Decimal Classification     Non-fiction Centerville Centerville General stacks 14/04/2026   611 CHA/A CPL26040018 14/04/2026 10 14/04/2026 Books
    Dewey Decimal Classification       Centerville Centerville   14/04/2026       14/04/2026   14/04/2026 Books
    Dewey Decimal Classification     Non-fiction Centerville Centerville General stacks 14/04/2026     CPL26040019 14/04/2026 10 14/04/2026 Books